Uma noite muito estrelada (Record no. 45883)

MARC details
000 -LÍDER
campo de controle de tamanho fixo 00357 a2200157 4500
001 - NÚMERO DE CONTROLE
campo de controle 45883
020 ## - ISBN - INTERNATIONAL STANDARD BOOK NUMBER
ISBN - International Standard Book Number 9788580720075
040 ## - FONTE DA CATALOGAÇÃO
Instituição que transcreveu o registro Anchieta - Aquarius
100 ## - ENTRADA PRINCIPAL--NOME PESSOAL
Nome pessoal Liao, Jimmy
240 10 - TÍTULO UNIFORME
Título uniforme Uma noite muito estrelada
Idioma da obra por
245 10 - TÍTULO
Título Uma noite muito estrelada
300 ## - DESCRIÇÃO FÍSICA
Extensão
362 0# - DATAS DE PUBLICAÇÃO E/OU DESIGNAÇÃO SEQUENCIAL
Datas de publicação e/ou designação sequencial 2011
650 #4 - ASSUNTO--TERMO TÓPICO
Cabeçalho tópico ou nome geográfico Literatura infanto-juvenil
942 ## - ELEMENTOS DE ENTRADA ADICIONADOS (KOHA)
Tipo de material Koha Livros
Holdings
Situação do descarte Situação das perdas Situação física Não pode ser emprestado Biblioteca de origem Biblioteca atual Data de aquisição Total de empréstimos Número de chamada completo Código de barras Data de último acesso Data do preço efetivo Tipo de material Koha
        Colégio Anchieta - Aquarius Colégio Anchieta - Aquarius 21/11/2023   028.5 LIA NOI 3155/AQU 21/11/2023 21/11/2023 Livros